00404nam a2200133Ia 4500003000400000008004100004020002700045040000800072100002100080245009600101260004700197300001400244365001200258LDD181029s9999 xx 000 0 und d a9780521115902cP 45.00 cLDD aOlafsen, Jeffrey 0aExperimental and computational techniques in soft condensed matter physicscJeffrey Olafsen aNew YorkbCambridge University Pressc2010 aix, 328p. bP 45.00